000 00566nam a2200193Ia 4500
005 20260429111914.0
008 260429s9999||||xx |||||||||||||| ||und||
020 _a9789348491992
041 _aEnglish
082 _a781.60954
_bMAK
100 _aMakkar, Amandeep Singh
245 0 _aIndian music :
_btradition, innovation and influence /
_cAmandeep Singh Makkar
250 _a1st ed.
260 _aNew Delhi :
_bKanishka Publisher Distributors,
_c2025.
300 _aviii, 220 p.; hb
650 _a Traditional music
650 _aIndian music
942 _cTB
999 _c51358
_d51358